01611nam a2200313 a 450000100100000000500170001000800410002704000250006808200170009310000360011024501060014626000260025230000210027850000630029950400530036259000270041565000240044265000340046665000380050065000310053870000480056991000410061795201290065895201290078795201290091695201150104595201200116099900170128000001457320250409111603.0100115s2006 dr 001 0 spa d aDO-SdBNPbspacBNPHU a657.45bE77a1 aEspinal, Rafael Victorio93299810aAuditoría gubernamental integral /cRafael Victorio Espinal : prólogo Rafael Montilla Martínez. aSanto Domingo,c2006. a157 p. ;c22 cm. aIncluye datos biográficos del autor en la contracubierta aIncluye referencias bibliográficas [p.155-157] aInventariado, 2018/ YL 0aAuditoría 932999 4aAuditoría financiera933000 4aAuditoría e inspección933001 4aAuditoríaxNormas9330021 aMontilla Martínez, Rafaelepról.933003 aValidado. Control de calidad MMOLINA 001054708DSaGRbGRcHDd2010-01-19iLF1l0o657.45 E77ap14573-30r2020-06-25te.3w2020-06-25yLFDSZPréstamo en sala 001054708DSaGRbGRcHDd2010-01-19iLF1l0o657.45 E77ap14573-40r2020-06-25te.4w2020-06-25yLFDSZPréstamo en sala 001154708DSaGRbGRcMId2010-01-19iLF1l0o657.45 E77ap14573-50r2020-06-25te.5w2020-06-25yLFDSZPréstamo en sala 0010718PDaPDbPDcHDd2010-01-19iLF1l0o657.45 E77ap14573-10r2020-06-25w2020-06-25yLFPDZNo se presta 0010718PDaPDbPDcHDd2010-01-19iLF1l0o657.45 E77ap14573-20r2020-06-25te.2w2020-06-25yLFPDZNo se presta c14160d14160